zpět

Detail výsledku týmu

U Lucerny ST, Brno

Datum a čas kvízu

16 Celkem bodů Celkový počet nahraných bodů na tomto kvízu bez doplňovacích otázek.
13. Pořadí na kvízu Konečné umístění týmu na tomto kvízu.

Zaznamenané odpovědi

# Otázka Odpověď Body Výsledky
1. V Olomouci se objevil případ m... na sušáku na prádlo (na klepači na koberce) 1
2. Který ze členů britské královs... princ Andrew 0
3. Herecká asociace oznámila jmén... Dana Syslová 0
4. Kim Kardashian minulý týden př... Jsou chlupaté. 1
5. Při pokračování kvalifikace fo... D) krysa 0
6. Asijská poušť Karakum, uprostř... Turkmenistán 0
7. Uveďte, kterým čtyřpísmenným p... vádí 0
8. Vyberte, se kterým živočichem... B 0
9. Vojáci Československého pěšího... Tobruk 1
10. Britský umělec Gordon Sumner s... Sting 1